00673nam a2200169 a 4500008004100000050002300041100002100064245012900085260003900214350000900253490004500262650006700307650004300374650005200417700001900469710001500488070709s1994 ||||||||||||||||| || u aIBRD(06)RSS/1994/5 aWellenius, Bjorn10aImplementing reforms in the telecommunications sector: lessons from experiencecEdited by Bjorn Wellenius and Peter A. Stern aWashighton, D.C.bWorld Bankc1994 a0.00 aWorld Bank Regional and Sectoral Studies aTELECOMMUNICATION POLICY-- DEVELOPING COUNTRIES-- CASE STUDIES aTELECOMMUNICATION POLICY--CASE STUDIES aTELECOMMUNICATION POLICY-- EUROPE--CASE STUDIES aStern, Peter A aWorld Bank